书目信息 |
| 题名: |
开塞小提琴练习曲36首
|
|
| 作者: | ||
| 分册: | ||
| 出版信息: | 北京 人民音乐出版社 1977 |
|
| 页数: | 47页 | |
| 开本: | 30cm | |
| 丛书名: | ||
| 单 册: | ||
| 中图分类: | J622.1 | |
| 科图分类: | ||
| 主题词: | 器乐--理论 , 器乐--奏法 , 器乐--演奏 | |
| 电子资源: | ||
| ISBN: | ||
| 000 | 00616nam0 2200241 45 | |
| 001 | 0110141577 | |
| 005 | 20070802102807.59 | |
| 010 | @dCNY0.98 | |
| 091 | @a8026.3327 | |
| 100 | @a20011014d1977 km y0chiy0120 ea | |
| 101 | 0 | @achi |
| 102 | @aCN@b110000 | |
| 102 | @aCN@b110000 | |
| 200 | 1 | @a开塞小提琴练习曲36首@Akai sai xiao ti qin lian xi qu 36 shou@e作品20 |
| 210 | @a北京@c人民音乐出版社@d1977 | |
| 215 | @a47页@d30cm | |
| 517 | 1 | @a作品20@Azuo pin 20 |
| 606 | 0 | @a器乐@x理论 |
| 606 | 0 | @a器乐@x奏法 |
| 606 | 0 | @a器乐@x演奏 |
| 690 | @aJ622.1@v4 | |
| 801 | @aCN@bTSTC@c20070802 | |
| 905 | @dJ622.1@e187 | |
| 开塞小提琴练习曲36首:作品20.-北京:人民音乐出版社,1977 |
| 47页;30cm |
| ISBN :CNY0.98 |
| ● |
| 相关链接 |
|
|
|
|
正题名:开塞小提琴练习曲36首
索取号:J622.1/187
 
预约/预借
| 序号 | 登录号 | 条形码 | 馆藏地/架位号 | 状态 | 备注 |
| 1 | 0790607 | 207906079 | 密集书库/ [索取号:J622.1/187] | 在馆 |